[Event "Washington Class Championships"]
[Site "Lynnwood, WA"]
[Date "2016.11.25"]
[Round "1"]
[White "Sloan Carl  (WA)"]
[Black "Deng Samuel  (WA)"]
[Result "1-0"]
[WhiteElo "1894"]
[BlackElo "1781"]
[Annotator ""]
[Source ""]
[Remark "Class A"]

1.d4 Nf6 2.Nf3 e6 3.Bf4 b6 4.e3 Bb7 5.Bd3 d6 6.O-O Nbd7 7.c4
c5 8.Nc3 a6 9.h3 Be7 10.Rc1 O-O 11.Qe2 Re8 12.Rfd1 cxd4 13.exd4
Bf8 14.Bh2 Qe7 15.Bb1 g6 16.Ne4 Nxe4 17.Bxe4 Bxe4 18.Qxe4 Nf6
19.Qc6 Qa7 20.Qa4 Rac8 21.b4 Qb7 22.Qb3 Rc6 23.Qc3 Bg7 24.Qd3
Rd8 25.Bg3 b5 26.c5 dxc5 27.bxc5 Nd7 28.Bd6 Bf8 29.d5 exd5 30.Qxd5
Bxd6 31.cxd6 Rxc1 32.Qxb7 Rxd1+ 33.Kh2 Rxd6 34.Qc7 Nf8 35.Ne5
f6 36.Qf7+ Kh8 37.Ng4 Ne6 38.Nxf6 Ng7 39.Qe7 b4 40.g4 a5 41.g5
a4 42.Qb7 Rd4 43.Qf7 Rd3 44.Ng4 b3 45.axb3 axb3 46.Nh6 Nh5 47.Qb7
Rf8 48.Qb6 Nf4 49.Qc5 Rxh3+ 50.Kg1 b2 51.Qb4 Rxh6 52.Qxb2+ Kg8
53.gxh6 Kf7 54.Qb7+ Kg8
{Sometime before this point, Black's N must have moved to e6, since White's
next move is Qe7 rather than Qg7#.  I do not know what move pair is missing,
but one or both players looked to be in time pressure and the scores are
incomplete.  The game concluded (I think) with 56.Qe7 Rf7 57.Qxe6 Kf8 58.Qe5 Kg8 59.Kg2 Rf5 60.Qg7#}
 1-0

[Event "Washington Class Championships"]
[Site "Lynnwood, WA"]
[Date "2016.11.25"]
[Round "1"]
[White "Feng Roland  (WA)"]
[Black "Doknjas Joshua  (CAN)"]
[Result "1-0"]
[WhiteElo "2438"]
[BlackElo "2236"]
[Annotator ""]
[Source ""]
[Remark "Master"]

1.d4 d5 2.c4 c6 3.cxd5 cxd5 4.Nf3 Nf6 5.Nc3 Nc6 6.Bf4 Nh5 7.Bd2
e6 8.e3 Nf6 9.Bd3 Be7 10.O-O O-O 11.Rc1 b6 12.Bb5 Bb7 13.Qa4
Nb4 14.Nb1 a5 15.a3 Na6 16.Ne5 Nb8 17.Nc3 Ne8 18.Be2 Nd6 19.Nb5
Nxb5 20.Bxb5 Bd6 21.Nd3 Qe7 22.Rc3 f6 23.Rfc1 Rd8 24.Qb3 Rf8
25.Ba4 Ra6 26.Nf4 Qf7 27.R3c2 e5 28.Ne2 Qh5 29.Ng3 Qg6 30.Bb5
Ra7 31.Bd3 a4 32.Qxb6 Qxd3 33.Qxa7 Ba6 34.Qb6 Be7 35.Qe6+ 1-0

[Event "Washington Class Championships"]
[Site "Lynnwood, WA"]
[Date "2016.11.25"]
[Round "1"]
[White "Tien Sophie  (WA)"]
[Black "Seshadri Sridhar  (WA)"]
[Result "1-0"]
[WhiteElo "1811"]
[BlackElo "1685"]
[Annotator ""]
[Source ""]
[Remark "Class A"]

1.e4 d5 2.exd5 Qxd5 3.Nc3 Qd8 4.d4 e6 5.Nf3 Nf6 6.Bg5 h6 7.Bh4
Be7 8.Bd3 O-O 9.O-O c6 10.Re1 Nbd7 11.Ne5 Nd5 12.Bxe7 Qxe7 13.Nxd5
cxd5 14.Re3 Nxe5 15.dxe5 b6 16.c3 Bb7 17.Rg3 f5 18.exf6 Rxf6
19.Qg4 e5 20.Re1 e4 21.b3 Qf7 22.Be2 Rf4 23.Qh3 Rc8 24.Qxh6 Qf6
25.Rxg7+ Qxg7 26.Qxf4 {Sheet rather illegible at the end.  This may not be exactly how it went.}
 1-0

[Event "Washington Class Championships"]
[Site "Lynnwood, WA"]
[Date "2016.11.25"]
[Round "1"]
[White "Lapenna Richard  (CAN)"]
[Black "Baxter Brent  (WA)"]
[Result "0-1"]
[WhiteElo "1770"]
[BlackElo "1889"]
[Annotator ""]
[Source ""]
[Remark "Class A"]

1.e4 c6 2.d4 d5 3.Nc3 dxe4 4.f3 e5 5.Be3 exd4 6.Bxd4 Nf6 7.Qd2
Be7 8.O-O-O Qa5 9.Bc4 O-O 10.fxe4 b5 11.e5 Ne8 12.Bb3 Bg4 13.Nf3
Nd7 14.Qf4 Bxf3 15.gxf3 Nb6 16.Rhg1 c5 17.Rxg7+ Kxg7 18.Rg1+
Kh8 19.e6+ cxd4 20.exf7 Nc4 21.Qxd4+ Bf6 22.Qd5 Ng7 23.Bxc4 Bxc3
24.bxc3 Qxc3 0-1

[Event "Washington Class Championships"]
[Site "Lynnwood, WA"]
[Date "2016.11.25"]
[Round "1"]
[White "Zhang Kyle  (WA)"]
[Black "Daniels Nolan  (WA)"]
[Result "1-0"]
[WhiteElo "1337"]
[BlackElo "1466"]
[Annotator ""]
[Source ""]
[Remark "Class C"]

1.e4 c5 2.Nf3 d6 3.d4 cxd4 4.Nxd4 Nf6 5.Nc3 g6 6.Be3 Bg7 7.f3
O-O 8.Bc4 Nc6 9.Qd2 Bd7 10.O-O-O Rc8 11.Bb3 Na5 12.Kb1 Nc4 13.Bxc4
Rxc4 14.g4 a5 15.h4 Qc8 16.h5 a4 17.Ndb5 Nxe4 18.fxe4 Bxc3 19.Nxc3
Bxg4 20.Rdg1 a3 21.Qd3 axb2 22.Nd5 Be2 23.Qxe2 Rxe4 24.Qd3 Qe6
25.Rg3 Qf5 26.Nxe7+ 1-0

[Event "Washington Class Championships"]
[Site "Lynnwood, WA"]
[Date "2016.11.25"]
[Round "1"]
[White "Perez Ignacio  (WA)"]
[Black "Deshpande Aaryan  (WA)"]
[Result "1-0"]
[WhiteElo "2253"]
[BlackElo "2009"]
[Annotator ""]
[Source ""]
[Remark "Master"]

1.d4 Nf6 2.c4 g6 3.Nc3 Bg7 4.e4 O-O 5.f3 d6 6.Be3 Nbd7 7.Qd2
c6 8.h4 Nh5 9.Nge2 Nb6 10.b3 f5 11.exf5 gxf5 12.O-O-O Qe8 13.g4
fxg4 14.fxg4 Bxg4 15.Rg1 Qd7 16.Bh6 Qf5 17.Bh3 Bxh3 18.Rg5 Qe6
19.Rxh5 Bxh6 20.Rxh6 Qf5 21.Rg1+ Kh8 22.Qe3 Bg4 23.Ne4 Qa5 24.Rxg4
Rf1+ 25.Kb2 Qb4 26.Rxh7+ Kxh7 27.Nf6+ Rxf6 28.Qxe7+ 1-0

[Event "Washington Class Championships"]
[Site "Lynnwood, WA"]
[Date "2016.11.25"]
[Round "1"]
[White "Varner Murlin  (WA)"]
[Black "Lee Brian  (WA)"]
[Result "0-1"]
[WhiteElo "1545"]
[BlackElo "1451"]
[Annotator ""]
[Source ""]
[Remark "Class C"]

1.c4 c5 2.Nc3 Nc6 3.g3 g6 4.Nf3 Bg7 5.Bg2 d6 6.O-O e5 7.d3 Nge7
8.Ne4 f5 9.Nc3 Be6 10.Ng5 Bg8 11.Nd5 h6 12.Nxe7 Nxe7 13.Qa4+
Qd7 14.Qxd7+ Kxd7 15.Nf3 Rb8 16.Rb1 b5 17.b3 bxc4 18.dxc4 a5
19.Ba3 a4 20.Rfd1 Kc7 21.Nd2 axb3 22.axb3 Nc6 23.Bxc6 Kxc6 24.e4
Be6 25.b4 Ra8 26.b5+ Kb6 27.Bb2 Ra2 28.Nb3 Rd8 29.Bc3 Bxc4 30.Nxc5
Kxc5 31.Bb4+ Kxb5 32.Bxd6+ Kc6 33.Rbc1 Rxd6 34.Rxc4+ Kd7 35.Rb1
Ra7 36.Rcb4 Ke6 37.exf5+ gxf5 38.f4 e4 39.g4 Bd4+ 40.Kf1 Be3
41.gxf5+ Kxf5 42.Rb8 Bxf4 43.Rf8+ Rf6 44.Rb5+ Kg6 45.Rg8+ Rg7
46.Re8 e3 47.Ke2 Kf7 48.Rb7+ Kxe8 49.Rxg7 Rf7 50.Rg4 Ke7 51.h4
Ke6 52.Rg6+ Rf6 53.Rg8 Kf5 54.h5 Bg5 55.Rc8 Kg4 56.Rc1 Rf2+ 57.Ke1
Kxh5 58.Rc5 Kg4 59.Rc4+ Kf3 60.Rc5 Bf4 61.Rf5 Rd2 62.Rf6 h5 63.Rg6
Bg3+ 64.Kf1 Rd1# 0-1

[Event "Washington Class Championships"]
[Site "Lynnwood, WA"]
[Date "2016.11.25"]
[Round "2"]
[White "Daniels Nolan  (WA)"]
[Black "Varner Murlin  (WA)"]
[Result "1-0"]
[WhiteElo "1466"]
[BlackElo "1545"]
[Annotator ""]
[Source ""]
[Remark "Class C"]

1.e4 e6 2.Nf3 b6 3.Nc3 Bb7 4.d4 d5 5.Bb5+ c6 6.Bd3 Bb4 7.Bd2
Ne7 8.O-O dxe4 9.Bxe4 O-O 10.Bg5 f6 11.Re1 Bxc3 12.bxc3 fxg5
13.Nxg5 Ng6 14.Qh5 Rf6 15.Qxh7+ Kf8 16.Bxg6 Qd5 17.Qh8+ Ke7 18.Qxg7+
Kd6 19.Ne4+ 1-0

[Event "Washington Class Championships"]
[Site "Lynnwood, WA"]
[Date "2016.11.26"]
[Round "1"]
[White "Munkh-Erdene Munkhbileg  (WA)"]
[Black "Varner Murlin  (WA)"]
[Result "1/2-1/2"]
[WhiteElo "1447"]
[BlackElo "1545"]
[Annotator ""]
[Source ""]
[Remark "Class C -- 2 Day"]

1.e4 e5 2.Nf3 Nc6 3.Bc4 Bc5 4.c3 h6 5.d4 exd4 6.cxd4 Bb6 7.Qb3
Qe7 8.Nc3 Na5 9.Qa4 Nxc4 10.Qxc4 d6 11.h3 Be6 12.d5 Bf5 13.Qe2
Bg6 14.O-O O-O-O 15.Be3 Bxe4 16.Bxb6 Bxf3 17.Qxf3 axb6 18.Rac1
Qd7 19.Qd3 Ne7 20.Nb5 c6 21.Qa3 Qf5 22.Nxd6+ ( 22.Rfe1 ) Rxd6
23.Qxd6 Nxd5 24.Rfd1 Rd8 25.Qg3 Qf6 26.Qb3 Qg5 27.Qf3 Rd7 28.Qg4
Qe5 29.Re1 Qf6 30.Re8+ Kc7 31.Qg3+ Rd6 32.Qg4 b5 33.Rc8+ Kb6
34.Rd1 Qxb2 35.Qd4+ Qxd4 36.Rxd4 Re6 37.Rd2 Ne7 38.Rf8 Rf6 39.Rd7 1/2-1/2

[Event "Washington Class Championships"]
[Site "Lynnwood, WA"]
[Date "2016.11.26"]
[Round "2"]
[White "Varner Murlin  (WA)"]
[Black "Christy John  (WA)"]
[Result "0-1"]
[WhiteElo "1545"]
[BlackElo "1451"]
[Annotator ""]
[Source ""]
[Remark "Class C -- 2 Day"]

1.c4 Nf6 2.Nc3 e5 3.g3 d5 4.cxd5 Nxd5 5.Bg2 Nxc3 6.bxc3 Bd6 7.e3
O-O 8.Ne2 c6 9.O-O Nd7 10.Bb2 Nf6 11.d4 e4 12.Qc2 Re8 13.c4 Bf8
14.Rad1 Bf5 15.Nc3 Bg4 16.Rd2 Bf3 17.Bxf3 exf3 18.Qd1 Bb4 19.a3
( 19.Qxf3 ) Bxc3 20.Bxc3 Ne4 21.Rc2 Qf6 22.Bb2 Qf5 23.h3 h5 24.h4
Re6 25.d5 Rg6 26.Kh2 Rd8 27.Bd4 c5 28.Ba1 Rdd6 29.Rg1 Rg4 30.Qf1
Nxg3 31.Rxg3 Rxg3 32.fxg3 Qxc2+ 33.Kg1 Rb6 0-1

[Event "Washington Class Championships"]
[Site "Lynnwood, WA"]
[Date "2016.11.26"]
[Round "3"]
[White "Varner Murlin  (WA)"]
[Black "Szeto Sophie  (WA)"]
[Result "1-0"]
[WhiteElo "1545"]
[BlackElo "1376"]
[Annotator ""]
[Source ""]
[Remark "Class C -- 2 Day"]

1.c4 e5 2.g3 Nc6 3.Bg2 Bc5 4.Nc3 f5 5.e4 d6 6.d3 Nf6 7.Bg5 h6
8.Bxf6 Qxf6 9.Nd5 Bb4+ 10.Kf1 Qf7 11.Nxb4 Nxb4 12.Qa4+ Nc6 13.exf5
Bd7 14.Qb3 Rb8 15.g4 Nd4 16.Qc3 Nc6 17.Re1 Kd8 18.Bd5 Qf6 19.Ne2
Qh4 20.h3 Rf8 21.Ng1 g6 22.Nf3 Qf6 23.h4 gxf5 24.g5 Qg6 25.Qd2
f4 26.h5 Qg7 27.Rg1 Bh3+ 28.Ke2 Nd4+ 29.Nxd4 exd4 30.g6 Re8+
31.Kd1 Rxe1+ 32.Qxe1 c6 33.Bf7 Qe5 34.Qxe5 dxe5 35.g7 Ke7 36.g8Q
Rxg8 37.Bxg8 Bf5 38.Kd2 a6 39.Rg7+ Kf8 40.Rf7+ Kxg8 41.Rxf5 b5
42.Rxe5 bxc4 43.dxc4 Kf7 44.Kd3 Kf6 45.Kxd4 Kf7 46.Rf5+ Ke6 47.Rxf4
Ke7 48.Ke5 a5 49.a4 c5 50.Rf6 Ke8 51.Kd6 Kd8 52.Rf8# 1-0

[Event "Washington Class Championships"]
[Site "Lynnwood, WA"]
[Date "2016.11.25"]
[Round "1"]
[White "Bishop Alan  (WA)"]
[Black "Soetedjo James  (WA)"]
[Result "1/2-1/2"]
[WhiteElo "2000"]
[BlackElo "1948"]
[Annotator ""]
[Source ""]
[Remark "Expert"]

1.e4 c5 2.Nf3 d6 3.d4 cxd4 4.Nxd4 Nf6 5.Nc3 a6 6.Be3 e5 7.Nb3
Be7 8.f3 Be6 9.Qd2 Nbd7 10.g4 b5 11.g5 Nh5 12.Nd5 Bxd5 13.exd5
O-O 14.Na5 Qc7 15.Nc6 Nb8 16.Nxe7+ Qxe7 17.O-O-O Nd7 18.Bh3 g6
19.Bg4 Ng7 20.h4 f5 21.gxf6 Nxf6 22.Bg5 Qc7 23.Bh6 Nxg4 24.fxg4
Rf7 25.Rh3 Qc4 26.Qg5 Rf2 27.Rc3 Qxa2 28.Ra3 Qc4 1/2-1/2

[Event "Washington Class Championships"]
[Site "Lynnwood, WA"]
[Date "2016.11.25"]
[Round "1"]
[White "Hitchcock Brandon  (WA)"]
[Black "Haining Breck  (WA)"]
[Result "1/2-1/2"]
[WhiteElo "1182"]
[BlackElo "1300"]
[Annotator ""]
[Source ""]
[Remark "Class D"]

1.d4 g6 2.c4 Bg7 3.Nc3 d6 4.Nf3 Nf6 5.e3 O-O 6.Bd3 c5 7.d5 e6
8.O-O Na6 9.e4 Nc7 10.Rb1 a6 11.b3 b5 12.Ne2 exd5 13.exd5 Bg4
14.Nc3 Qd7 15.Ne4 Rab8 16.Bb2 Nxe4 17.Bxe4 bxc4 18.Bxg7 Kxg7
19.bxc4 Rfe8 20.Bc2 Rxb1 21.Bxb1 Re5 22.Nxe5 dxe5 23.Qd2 Ne8
24.Re1 Nd6 25.Qc3 f6 26.Bd3 Qa4 27.Qb3 Qa5 28.Rb1 e4 29.Bf1 Bf5
30.Rb2 Qe1 31.Rb1 Qd2 32.Rb2 Qe1 33.a3 Qc1 34.Rc2 Qd1 35.Rc3
Qe1 36.Qb2 1/2-1/2

[Event "Washington Class Championships"]
[Site "Lynnwood, WA"]
[Date "2016.11.25"]
[Round "1"]
[White "Fagundes Frank  (WA)"]
[Black "Caluza Severo  (CAN)"]
[Result "1-0"]
[WhiteElo "1791"]
[BlackElo "1935"]
[Annotator ""]
[Source ""]
[Remark "Class A"]

1.d4 e6 2.c4 c6 3.Nf3 Bb4+ 4.Bd2 Qe7 5.Nc3 Nf6 6.a3 Bxc3 7.Bxc3
d6 8.Qc2 Nbd7 9.e4 e5 10.Bd3 exd4 11.Bxd4 Ne5 12.Nxe5 dxe5 13.Bc3
Nh5 14.g3 Bh3 15.O-O-O O-O 16.Qe2 Nf6 17.f3 Bd7 18.Qe3 c5 19.g4
Rab8 20.h4 b5 21.h5 b4 22.axb4 cxb4 23.Bd2 Ba4 24.Rdg1 Nd7 25.g5
Nc5 26.g6 Rfd8 27.gxh7+ Kh8 28.Rxg7 Nxd3+ 29.Kb1 Nf4 30.Qg1 Qf6
31.h6 Ng6 32.Bg5 Qxf3 33.Bxd8 Qd3+ 34.Ka1 Rxd8 35.Qg5 Bb3 36.Rg8+
Rxg8 37.hxg8Q+ Kxg8 38.h7+ 1-0

[Event "Washington Class Championships"]
[Site "Lynnwood, WA"]
[Date "2016.11.26"]
[Round "4"]
[White "Collyer Curt  (WA)"]
[Black "Zavortnik Matt  (OR)"]
[Result "0-1"]
[WhiteElo "2282"]
[BlackElo "2132"]
[Annotator ""]
[Source ""]
[Remark "Master"]

1.d4 e6 2.c4 b6 3.Nf3 Bb7 4.e3 Nf6 5.Bd3 Bb4+ 6.Nbd2 O-O 7.O-O
d5 8.b3 Nbd7 9.Bb2 Ne4 10.a3 Bd6 11.b4 Nxd2 12.Nxd2 dxc4 13.Nxc4
Qh4 14.Nxd6 cxd6 15.Qe2 Rfc8 16.Rad1 Be4 17.Rc1 Bxd3 18.Qxd3
Qd8 19.Qa6 Nf6 20.g3 d5 21.Rxc8 Rxc8 22.Qxa7 Rc2 23.Qb7 Ne4 24.Ba1
h5 25.Qa6 Qf6 26.f3 Nxg3 27.Rf2 Rc1+ 28.Kg2 Nf5 29.Rf1 0-1

[Event "Washington Class Championships"]
[Site "Lynnwood, WA"]
[Date "2016.11.27"]
[Round "5"]
[White "Varner Murlin  (WA)"]
[Black "Piper August (WA)"]
[Result "1/2-1/2"]
[WhiteElo "1545"]
[BlackElo "1529"]
[Annotator ""]
[Source ""]
[Remark "Class C"]

1.c4 c5 2.Nc3 Nc6 3.g3 g6 4.Bg2 Bg7 5.Nf3 Nf6 6.O-O O-O 7.Re1
a6 8.e3 e5 9.d4 cxd4 10.exd4 exd4 11.Nxd4 Nxd4 12.Qxd4 Ne8 13.Qd3
d6 14.Bd5 Bf5 15.Qf3 Rb8 16.Bxb7 Qb6 17.Bd5 Bd4 18.Bh6 Ng7 19.Re2
Rfe8 20.Be4 Bh3 21.Nd5 ( 21.g4 ) Qd8 22.g4 ( 22.Rd1 ) Qh4 23.Rb1
( 23.Bxg7 ) Qxh6 24.Nf4 Bxg4 25.Qxg4 Be5 ( 25...Rxe4 26.Rxe4
f5 ) 26.Nh3 Qh5 27.Qxh5 Nxh5 1/2-1/2

[Event "Washington Class Championships"]
[Site "Lynnwood, WA"]
[Date "2016.11.26"]
[Round "4"]
[White "Rompogren Michael  (WA)"]
[Black "Yan Jeffrey  (WA)"]
[Result "0-1"]
[WhiteElo "1782"]
[BlackElo "1720"]
[Annotator ""]
[Source ""]
[Remark "Class B"]

1.e4 e6 2.Nf3 d5 3.e5 c5 4.Bb5+ Bd7 5.Bxd7+ Nxd7 6.O-O g6 7.c3
Bg7 8.d4 Ne7 9.Be3 Rc8 10.Nbd2 Nf5 11.Qe2 O-O 12.Rad1 cxd4 13.cxd4
f6 14.exf6 Nxf6 15.Ne5 Qb6 16.Nb3 Rfe8 17.Rc1 Ne4 18.Kh1 Rxc1
19.Rxc1 Nxe3 20.Qxe3 Bxe5 21.dxe5 Nxf2+ 0-1

[Event "Washington Class Championships"]
[Site "Lynnwood, WA"]
[Date "2016.11.26"]
[Round "4"]
[White "Soetedjo James  (WA)"]
[Black "Yu Jason  (WA)"]
[Result "1/2-1/2"]
[WhiteElo "1948"]
[BlackElo "1999"]
[Annotator ""]
[Source ""]
[Remark "Expert"]

1.d4 d5 2.Nf3 Nf6 3.Bf4 c5 4.e3 Nc6 5.c3 Qb6 6.Qc2 Bg4 7.Nbd2
e6 8.Ne5 Nxe5 9.Bxe5 Nd7 10.dxc5 Bxc5 11.Bd4 Bxd4 12.exd4 Bf5
13.Qb3 Qxb3 14.Nxb3 Ke7 15.Be2 f6 16.f4 h5 17.O-O b6 18.Bf3 Rac8
19.Rfe1 Kd6 20.Re3 1/2-1/2

[Event "Washington Class Championships"]
[Site "Lynnwood, WA"]
[Date "2016.11.26"]
[Round "2"]
[White "He Anthony  (WA)"]
[Black "Feng Roland  (WA)"]
[Result "1/2-1/2"]
[WhiteElo "2235"]
[BlackElo "2438"]
[Annotator ""]
[Source ""]
[Remark "Master"]

1.e4 e6 2.d4 d5 3.Nd2 dxe4 4.Nxe4 Nd7 5.Nf3 Ngf6 6.Nxf6+ Nxf6
7.Bd3 Be7 8.O-O O-O 9.Qe2 b6 10.Rd1 Bb7 11.Bf4 Rc8 12.Ba6 Qd5
13.Bxb7 Qxb7 14.c3 c5 15.dxc5 Rxc5 16.Be5 Rfc8 17.Rd3 Rd5 18.Rad1
b5 19.a3 a6 20.h3 h6 21.R1d2 Rxd3 22.Rxd3 Nd5 23.Nd4 Bf6 24.Rg3
Qe7 1/2-1/2

[Event "Washington Class Championships"]
[Site "Lynnwood, WA"]
[Date "2016.11.27"]
[Round "6"]
[White "He Daniel  (WA)"]
[Black "He Samuel  (WA)"]
[Result "1/2-1/2"]
[WhiteElo "2302"]
[BlackElo "2259"]
[Annotator ""]
[Source ""]
[Remark "Master"]

1.g3 d5 2.Nf3 Bg4 3.Bg2 Nd7 4.O-O Ngf6 5.b3 e6 6.Bb2 Be7 7.d3
O-O 8.Nbd2 a5 9.a4 c6 10.h3 Bh5 11.e4 Qb6 12.Qe2 Rfd8 13.Rfe1
Nc5 14.e5 Nfd7 15.d4 Na6 16.c3 Rac8 17.Rac1 Ra8 18.Ra1 Rac8 19.Rac1
Ra8 20.Ra1 1/2-1/2

[Event "Washington Class Championships"]
[Site "Lynnwood, WA"]
[Date "2016.11.27"]
[Round "6"]
[White "Abdiev Bulan  (WA)"]
[Black "Toppen-Ryan Harrison  (WA)"]
[Result "1-0"]
[WhiteElo "1213"]
[BlackElo "821"]
[Annotator ""]
[Source ""]
[Remark "Class E"]

1.e4 d5 2.exd5 Nf6 3.Nc3 Nxd5 4.Nf3 Bg4 5.Bc4 e6 6.O-O Nc6 7.Re1
Nxc3 8.bxc3 Bd6 9.Rb1 Rb8 10.d4 O-O 11.h3 Bh5 12.Bd3 h6 13.Rb5
Bxf3 14.Qxf3 Re8 15.Qe4 Qf6 16.Rh5 Kf8 17.Re3 g5 18.Rf3 Qg7 19.h4
f5 20.hxg5 Kg8 21.Qh4 1-0

[Event "Washington Class Championships"]
[Site "Lynnwood, WA"]
[Date "2016.11.27"]
[Round "6"]
[White "Sinanan Joshua  (WA)"]
[Black "Feng Roland  (WA)"]
[Result "1/2-1/2"]
[WhiteElo "2241"]
[BlackElo "2438"]
[Annotator ""]
[Source ""]
[Remark "Master"]

1.d4 Nf6 2.c4 e6 3.g3 Bb4+ 4.Bd2 c5 5.Bxb4 cxb4 6.Nf3 b6 7.Bg2
Bb7 8.O-O O-O 9.a3 bxa3 10.Rxa3 d6 11.Nc3 a6 12.Re1 Qc7 13.Nd2
Nbd7 14.e3 Rfc8 15.Qe2 d5 16.Rea1 a5 17.cxd5 Nxd5 18.Nxd5 exd5
19.Rc3 Qd6 20.Nb1 Nf6 21.f3 g6 22.Rxc8+ Rxc8 23.Nc3 Qb4 24.Ra4
Qb3 25.Ra3 Qb4 26.Ra4 Qb3 27.Ra3 1/2-1/2

[Event "Washington Class Championships"]
[Site "Lynnwood, WA"]
[Date "2016.11.27"]
[Round "6"]
[White "Elisara Travis  (WA)"]
[Black "Richards Jerrold  (WA)"]
[Result "1-0"]
[WhiteElo "1669"]
[BlackElo "1521"]
[Annotator ""]
[Source ""]
[Remark "Class B"]

1.e4 e6 2.d4 d5 3.e5 c5 4.c3 cxd4 5.cxd4 Bb4+ 6.Nc3 Be7 7.f4
Nh6 8.Nf3 Nc6 9.Bd3 Nb4 10.Bb1 Bd7 11.O-O a6 12.a3 Nc6 13.h3
Na5 14.g4 Qb6 15.Bc2 Rc8 16.g5 Ng8 17.f5 exf5 18.Nxd5 Qc6 19.Ne3
f4 20.d5 Qc5 21.b4 Qa7 22.Kg2 fxe3 23.bxa5 Bb5 24.Ba4 Bc5 25.Qc2
Ne7 26.Qe4 Bxa4 27.Qxa4+ Kd8 28.e6 fxe6 29.Ne5 b5 30.axb6 Bxb6
31.Nf7+ Kc7 32.Nxh8 Kb8 33.Rb1 exd5 34.Bxe3 Rc6 35.Rf8+ Nc8 36.Qxc6 1-0

[Event "Washington Class Championships"]
[Site "Lynnwood, WA"]
[Date "2016.11.27"]
[Round "6"]
[White "Hendricks David  (WA)"]
[Black "Velea Anne-Marie  (WA)"]
[Result "0-1"]
[WhiteElo "1753"]
[BlackElo "1578"]
[Annotator ""]
[Source ""]
[Remark "Class B"]

1.d4 d5 2.Bf4 Nf6 3.e3 Bf5 4.c4 e6 5.a3 Bd6 6.Bg3 c6 7.c5 Bc7
8.Nc3 Nbd7 9.Nf3 O-O 10.b4 Re8 11.Ne5 Bxe5 12.Bxe5 Nxe5 13.dxe5
Nd7 14.Qd4 b6 15.Ba6 bxc5 16.bxc5 Rb8 17.O-O Qa5 18.Be2 Nxc5
19.Bd1 Nb3 20.Bxb3 Rxb3 21.Na4 Reb8 22.h3 Rd3 23.Qf4 d4 24.Rab1
Rxb1 25.Rxb1 h6 26.Rb8+ Kh7 27.g4 Bg6 28.g5 Rd1+ 29.Kg2 Qxa4
30.gxh6 gxh6 31.Qf6 Be4+ 32.Kg3 Rg1+ 33.Kf4 Rg7 34.Kxe4 Qc2+
35.Kxd4 c5# 0-1

[Event "Washington Class Championships"]
[Site "Lynnwood, WA"]
[Date "2016.11.27"]
[Round "6"]
[White "Haining Breck  (WA)"]
[Black "Agaian Angela  (WA)"]
[Result "1-0"]
[WhiteElo "1300"]
[BlackElo "278"]
[Annotator ""]
[Source ""]
[Remark "Class D"]

1.e4 e5 2.Nf3 Bc5 3.Bc4 Nf6 4.Nc3 O-O 5.O-O Nc6 6.d3 d6 7.h3
h6 8.a3 a6 9.Ne2 Ne7 10.Ng3 Ng6 11.b4 b5 12.Bb3 Bb6 13.c3 c6
14.Bd2 Bd7 15.Qc1 Qc8 16.Nf5 Nf4 17.Ne7+ Kh8 18.Bxf4 Qe8 19.Nf5
Bxf5 20.Bxh6 Ng8 21.Bg5 f6 22.Bh4 d5 23.exf5 Qf7 24.Bg3 Nh6 25.Nh4
e4 26.Ng6+ Kh7 27.Nxf8+ Qxf8 28.dxe4 dxe4 29.Bc2 Re8 30.Kh1 Nxf5
31.Re1 Nxg3+ 32.fxg3 f5 33.Qf4 g6 34.Bxe4 Rxe4 35.Rxe4 Kg7 36.Qe5+
Qf6 37.Qxf6+ Kxf6 38.Re2 c5 39.a4 bxa4 40.bxc5 Bxc5 41.Rxa4 Bd6
42.Rxa6 Kf7 43.Rxd6 g5 44.Ra2 f4 45.Ra7+ Ke8 46.Rh6 Kf8 47.Rh8# 1-0

[Event "Washington Class Championships"]
[Site "Lynnwood, WA"]
[Date "2016.11.27"]
[Round "6"]
[White "Xue Henry  (WA)"]
[Black "Li Albert  (WA)"]
[Result "1/2-1/2"]
[WhiteElo "801"]
[BlackElo "934"]
[Annotator ""]
[Source ""]
[Remark "Class E"]

1.e4 e5 2.Nf3 Nc6 3.Bc4 Bc5 4.d3 d6 5.Ng5 Nh6 6.Qf3 O-O 7.Qg3
Ng4 8.O-O Nf6 9.Nc3 Nd4 10.Rb1 Bb4 11.Kh1 Nxc2 12.Nd5 Bc5 13.Ne3
Nd4 14.b4 Bb6 15.a4 a6 16.a5 Ba7 17.f4 exf4 18.Rxf4 Ne6 19.Qf3
Nxf4 20.Qxf4 Qe7 21.Nd5 Nxd5 22.Bxd5 c6 23.Ba2 Qf6 24.Rb2 Qxf4
25.Bxf4 Bd4 26.Re2 Be5 27.Rf2 g6 28.Bxe5 dxe5 29.Bxf7+ Kg7 30.Kg1
h6 31.Ne6+ Bxe6 32.Bxe6 Rxf2 33.Kxf2 b5 34.Ke2 Ra7 35.Ke3 Kf6
36.Bc8 Ke7 37.d4 exd4+ 38.Kxd4 Kd6 39.e5+ Ke7 40.Kc5 Kd8 41.Bg4
Rc7 42.Kb6 Re7 43.e6 h5 44.Bh3 g5 45.Bf5 1/2-1/2

[Event "Washington Class Championships"]
[Site "Lynnwood, WA"]
[Date "2016.11.27"]
[Round "6"]
[White "Dokka Shananda  (WA)"]
[Black "Ye Daniel  (WA)"]
[Result "1-0"]
[WhiteElo "342"]
[BlackElo "428"]
[Annotator ""]
[Source ""]
[Remark "Class E"]

1.g3 c5 2.Bg2 d6 3.b3 Nc6 4.Bb2 Nf6 5.e3 g6 6.d3 Bg7 7.Nf3 Bd7
8.Nc3 O-O 9.O-O Qc8 10.h3 Bxh3 11.Kh2 Ng4+ 12.Kg1 Bxg2 13.Kxg2
Nb4 14.Rh1 Nd5 15.Nxd5 Bxb2 16.Nxe7+ Kg7 17.Nxc8 Raxc8 18.Rb1
Ba3 19.Rh4 f5 20.e4 fxe4 21.dxe4 Rxf3 22.Rxg4 Rcf8 23.Qxd6 Rxf2+
24.Kh3 h5 25.Rxg6+ 1-0

[Event "Washington Class Championships"]
[Site "Lynnwood, WA"]
[Date "2016.11.27"]
[Round "6"]
[White "Charleston Scott  (WA)"]
[Black "Varner Murlin  (WA)"]
[Result "1/2-1/2"]
[WhiteElo "1501"]
[BlackElo "1545"]
[Annotator ""]
[Source ""]
[Remark "Class C"]

1.c4 c5 2.Nc3 Nc6 3.g3 g6 4.Bg2 Bg7 5.d3 e6 6.Bf4 Bxc3+ 7.bxc3
e5 8.Be3 d6 9.Rb1 Nge7 10.Qd2 Nf5 11.Bg5 f6 12.Be3 Qc7 13.Nf3
Nxe3 14.Qxe3 b6 15.O-O Bb7 16.Nd2 Ne7 17.Ne4 O-O 18.g4 Kg7 19.Qh3
Rab8 20.f4 Bxe4 21.Bxe4 exf4 22.Rf2 f5 23.Bf3 fxg4 24.Qxg4 Rf6
25.Bg2 Rbf8 26.Rbf1 Qd8 ( 26...h5 27.Qh4 Kh6 ) 27.Rxf4 Rxf4 28.Rxf4
Rxf4 29.Qxf4 Ng8 30.Qe4 Qe7 31.Qxe7+ Nxe7 32.Kf2 Kf6 33.Ke3 h6
34.Kf4 h5 35.Be4 g5+ 36.Kf3 Nf5 37.Bxf5 Kxf5 38.h3 Ke5 39.e4
a6 40.a4 a5 41.Kg3 Kf6 42.Kf3 Ke5 43.Kg3 1/2-1/2

[Event "Washington Class Championships"]
[Site "Lynnwood, WA"]
[Date "2016.11.27"]
[Round "4"]
[White "Perez Ignacio  (WA)"]
[Black "Tiglon Bryce  (WA)"]
[Result "1-0"]
[WhiteElo "2253"]
[BlackElo "2385"]
[Annotator ""]
[Source ""]
[Remark "Master"]

1.e4 c5 2.Nf3 d6 3.d4 cxd4 4.Nxd4 Nf6 5.Nc3 a6 6.f4 e5 7.Nf3
Nbd7 8.a4 Qc7 9.Bd3 Be7 10.O-O O-O 11.Kh1 Nc5 12.Qe1 Re8 13.fxe5
dxe5 14.Bg5 Be6 15.Nh4 Nh5 16.Bxe7 Qxe7 17.Nf5 Bxf5 18.Nd5 Qd6
19.Rxf5 Nxd3 20.cxd3 Nf4 21.Nxf4 exf4 22.Qf1 Rad8 23.Ra3 Qb4
24.Rc3 Rc8 25.h3 Rxc3 26.bxc3 Qxc3 27.Rxf4 Re7 28.Qb1 h6 29.Rf1
Rd7 30.Rd1 g6 31.Kh2 h5 32.Kh1 Kg7 33.Kh2 Kh7 34.d4 Qc6 35.d5
Qd6+ 36.Kh1 Qe5 37.Qd3 Kg7 38.Qf3 Re7 39.d6 Rd7 40.Rd5 Qe6 41.Qd3
f6 42.Qd4 Kh7 43.a5 Kg7 44.Qc4 Kf7 45.Qd4 Kg7 46.Kg1 Kf7 47.Kf2
Kg7 48.Ke3 Kf7 49.Kd3 Kf8 50.Qc5 Kf7 51.Kd4 Qe8 52.Qa3 Qd8 53.Qc5
Ke6 54.Rxh5 Kf7 {?} ( 54...Rxd6+ ) 55.Rh7+ Kg8 56.Rxd7 Qxd7 57.Qc7 1-0

[Event "Washington Class Championships"]
[Site "Lynnwood, WA"]
[Date "2016.11.25"]
[Round "2"]
[White "Anand Vignesh  (WA)"]
[Black "Richards Jerrold  (WA)"]
[Result "1/2-1/2"]
[WhiteElo "1763"]
[BlackElo "1521"]
[Annotator ""]
[Source ""]
[Remark "Class B"]

1.d4 b6 2.Nf3 Bb7 3.Bf4 Nf6 4.e3 Nc6 5.Nbd2 e6 6.h3 d5 7.c3 Bd6
8.Ne5 O-O 9.Ndf3 Be7 10.Bd3 Ne4 11.Bc2 Nxe5 12.Nxe5 Bh4 13.O-O
Bg5 14.Bxe4 dxe4 15.Bh2 f6 16.Nc4 Ba6 17.Qa4 Bb7 18.Nd2 c5 19.dxc5
Qxd2 20.c6 Bc8 21.Qxe4 f5 22.Qb4 1/2-1/2